Statistiques concernant Rois de France dans l'ordre chronologique

Cliquez ici pour prendre le quiz!

Statistiques générales

  • Ce quiz a été pris 206 fois
  • Le résultat moyen est 30 sur 67

Statistiques - réponses

LignéeRègneRoi% Correct
Mérovingiens481 - 511Clovis Ier
82%
Bourbons1643 - 1715Louis XIV dit "le Grand" ou "le Roi-Soleil"
76%
Bourbons1715 - 1774Louis XV dit "le Bien-Aimé"
74%
Bourbons1774 - 1792Louis XVI
74%
Bourbons1589 - 1610Henri IV dit "le Grand", "le Vert-Galant" ou "le Bon Roi Henri"
73%
Valois1515 - 1547François Ier dit "le Père et Restaurateur des Lettres"
70%
Bourbons1610 - 1643Louis XIII dit "le Juste"
70%
Valois1574 - 1589Henri III
69%
Valois1547 - 1559Henri II
67%
Valois1498 - 1515Louis XII dit "le Père du Peuple"
66%
Capétiens987 - 996Hugues
65%
Carolingiens768 - 814Charlemagne (ou Charles Ier dit "le Grand")
64%
Valois1560 - 1574Charles IX
64%
Valois1364 - 1380Charles V dit "le Sage"
63%
Bourbons1824 - 1830Charles X
63%
Valois1461 - 1483Louis XI dit "le Prudent" ou "Universelle Aragne"
63%
Valois1380 - 1422Charles VI dit "le Bien-Aimé", "le Fol" ou "le Fou"
62%
Valois1422 - 1461Charles VII dit "le Victorieux" ou "le Bien Servi"
61%
Valois1483 - 1498Charles VIII dit "l'Affable"
61%
Bourbons1814 - 1815Louis XVIII dit "le Désiré"
61%
Orléans1830 - 1848Louis-Philippe Ier dit "le Roi-Citoyen"
60%
Bourbons1815 - 1824Louis XVIII dit "le Désiré"
60%
Valois1559 - 1560François II
58%
Capétiens1226 - 1270Louis IX dit "le Prudhomme" (ou Saint Louis)
58%
Capétiens1322 - 1328Charles IV dit "le Bel"
53%
Capétiens1316Jean Ier dit "le Posthume"
53%
Capétiens1223 - 1226Louis VIII dit "le Lion"
53%
Capétiens1314 - 1316Louis X dit "le Hutin"
52%
Capétiens1285 - 1314Philippe IV dit "le Bel" (ou le roi de fer)
52%
Valois1328 - 1350Philippe VI dit "le Fortuné" ou "le Catholique"
51%
Capétiens1108 - 1137Louis VI dit "le Gros", "l'Éveillé" ou "le Batailleur"
49%
Capétiens1137 - 1180Louis VII dit "le Jeune" puis "le Pieux"
49%
Capétiens1316 - 1322Philippe V dit "le Long"
49%
Carolingiens751 - 768Pépin dit "le Bref"
48%
Capétiens1270 - 1285Philippe III dit "le Hardi"
48%
Valois1350 - 1364Jean II dit "le Bon"
47%
Capétiens1180 - 1223Philippe II dit "Auguste"
45%
Mérovingiens558 - 561Clotaire Ier
42%
Robertiens922 - 923Robert Ier
40%
Capétiens1060 - 1108Philippe Ier
39%
Capétiens1031 - 1060Henri Ier
38%
Carolingiens814 - 840Louis Ier dit "le Pieux"
37%
Robertiens888 - 898Eudes (ou Odon)
35%
Capétiens996 - 1031Robert II dit "le Pieux"
35%
Carolingiens877 - 879Louis II dit "le Bègue"
34%
Carolingiens879 - 882Louis III
34%
Carolingiens843 - 877Charles II dit "le Chauve"
33%
Mérovingiens613 - 629Clotaire II dit "le Jeune"
33%
Carolingiens986 - 987Louis V dit "le Fainéant"
31%
Carolingiens936 - 954Louis IV dit "d'Outremer"
29%
Carolingiens768 - 771Carloman Ier
28%
Mérovingiens629 - 639Dagobert Ier
28%
Bivinides923 - 936Raoul
26%
Mérovingiens639 - 657Clovis II dit "le Fainéant"
25%
Mérovingiens657 - 673Clotaire III
22%
Carolingiens885 - 887Charles III dit "le Gros"
21%
Carolingiens898 - 922Charles III dit "le Simple"
16%
Carolingiens879 - 884Carloman II
13%
Mérovingiens673 - 675Childéric II
13%
Mérovingiens743 - 751Childéric III dit "le Fainéant"
13%
Carolingiens941 - 986Lothaire
13%
Mérovingiens721 - 737Thierry IV
12%
Mérovingiens675 - 691Thierry III
11%
Mérovingiens691 - 694Clovis IV
10%
Mérovingiens715 - 721Chilpéric II
9%
Mérovingiens694 - 711Childebert IV dit "le Juste"
8%
Mérovingiens711 - 715Dagobert III
8%

Distribution des résultats

Percentile par nombre de réponses

% des personnes avec chaque résultat

Votre développement - résultats

Vous n’avez pas pris ce quiz